| 000 | 00581nam a2200157 a 4500 | ||
|---|---|---|---|
| 008 | 120416s0000 ||||||||||||||||| || u | ||
| 020 | _a0070198888 | ||
| 050 | _aREF TH 9445.M4 Fac | ||
| 245 | 1 | 0 | _aHandbook of industrial loss prevention |
| 246 | _arecommended practices for the protection of property and... | ||
| 250 | _a2nd ed. | ||
| 260 |
_aNew York _bMcGrwa-Hill _c1967 |
||
| 300 | _aiv, (various pagings) : ill. | ||
| 350 | _a0.00 | ||
| 995 |
_D0.00 _FCBU-MAIN LIBRARY (Kitwe) _H1 _I60.00 _M1 _UDAMAGED _ZReference Collection |
||
| 999 |
_c45283 _d45283 |
||